000 00647nam a2200193 i 4500
001 90033
003 ES-MaACL
005 20250902080711.0
007 t|
008 050117s1956 sp |||| | spa d
100 1 _aLeener, Georges de.
_971208
245 1 0 _aTratado de organización de empresas /
_cGeorges de Leener ; traducción del francés por Francisco Hortelano Hernández.
260 _aMadrid :
_bAguilar,
_c1956 (
_fGrijelmo)
300 _aXXXV, 548 p. ;
_c21 cm.
650 7 _aOrganización de la empresa
_2embne
_912228
700 1 _aHortelano Hernández, Francisco.
_964264
852 _aES-MaACL
_jC-11559
999 _c90033
_d90033